Sueño con menguante: biografía de una machi
Guardat en:
| Autor principal: | |
|---|---|
| Format: | Llibre |
| Idioma: | espanyol |
| Publicat: |
Santiago
Sudamericana
1999
|
| Col·lecció: | Colección Biografías y Memorias
|
| Matèries: | |
| Etiquetes: |
Afegir etiqueta
Sense etiquetes, Sigues el primer a etiquetar aquest registre!
|
MARC
| LEADER | 00000nam a2200000 a 4500 | ||
|---|---|---|---|
| 001 | UCP9174 | ||
| 003 | CL-VaPUC | ||
| 008 | 000324e19990000CL |||||||||||||||||spa|d | ||
| 082 | 0 | 4 | |a 920.72 |b MON |2 21 |
| 100 | |a Montecino Aguirre, Sonia |e autora |9 342204 | ||
| 245 | 1 | 0 | |a Sueño con menguante: biografía de una machi |
| 300 | |a p. irreg | ||
| 942 | |c BK | ||
| 945 | |d 20000324 00:00:00 |a rbrito | ||
| 260 | |a Santiago |b Sudamericana |c 1999 | ||
| 600 | 0 | 7 | |a ROMERO ANTIVIL, CARMELA |2 CL-VaPUC |9 439589 |
| 650 | 0 | |a Biografías |9 255210 | |
| 650 | 0 | |a Araucanos |9 314060 | |
| 650 | 7 | |a MACHI |2 CL-VaPUC |9 439590 | |
| 650 | 0 | |a Etnología |9 258726 | |
| 650 | 0 | |a Mapuches |9 392456 | |
| 583 | |a last modification |c 20000324 00:00:00 |k Rodrigo Vera | ||
| 490 | 0 | |a Colección Biografías y Memorias | |
| 999 | |c 286018 |d 286016 | ||
| 952 | |0 0 |1 0 |4 0 |6 920_720000000000000_MON_1999 |7 0 |8 A |9 331236 |a BIBEDU |b BIBEDU |d 2019-11-20 |i 3598411 |o 920.72 MON 1999 |p 3598411 |r 2023-01-12 |w 2019-11-20 |y BK |k MUS | ||
| 952 | |0 0 |1 0 |4 0 |6 920_720000000000000_MON_1999 |7 0 |8 A |9 331237 |a BIBEDU |b BIBEDU |d 2019-11-20 |i 359842K |o 920.72 MON 1999 |p 359842K |r 2023-01-12 |w 2019-11-20 |y BK |k MUS | ||
| 952 | |0 0 |1 0 |4 0 |6 920_720000000000000_MON_1999 |7 0 |8 A |9 331238 |a BIBEDU |b BIBEDU |d 2019-11-20 |i 3598438 |o 920.72 MON 1999 |p 3598438 |r 2023-01-12 |w 2019-11-20 |y BK |k MUS | ||
| 952 | |0 0 |1 0 |4 0 |6 920_720000000000000_MON_1999 |7 0 |8 A |9 331239 |a BIBEDU |b BIBEDU |d 2019-11-20 |i 3598446 |o 920.72 MON 1999 |p 3598446 |r 2023-01-12 |w 2019-11-20 |y BK |k MUS | ||